| 000 | 004650000a22001810004500 | ||
|---|---|---|---|
| 041 | 0 | _aENG | |
| 082 | 0 | 4 | _aG 268.635 D459w |
| 100 | 1 | _aDesjardins, Lucile (1892-) | |
| 245 | 1 | 0 | _aWhat boys and girls are asking / Lucile Desjardins |
| 250 | _a2 | ||
| 260 | _aNew York, NY., USA : Abingdon | ||
| 300 | _a176 Pag | ||
| 001 | 8034 | ||
| 942 | _cBK | ||
| 999 |
_c38232 _d38232 |
||
| 336 |
_atexto _btxt _2rdacontent |
||
| 337 |
_2rdamedia _asin mediación _bn |
||
| 338 |
_2rdacarrier _avolumen _bnc |
||